000
00258nam a2200109Ia 4500
008
230302s9999 xx 000 0 und d
082
_a
005.133LIP
100
_a
LIPPMAN (Stanley B.)
245
_a
C++ Primer
260
_a
NEW DELHI
_b
PEARSON
365
_c
RS
999
_c
147065
_d
147065